Age of Empires II Civilizations - Statistics

General Stats
  • This quiz has been taken 35 times
  • The average score is 27 of 37
Answer Stats
Expansion Civ % Correct
The Conquerors Aztecs
90%
Age of Kings Chinese
90%
Age of Kings Japanese
90%
The Conquerors Koreans
90%
The Conquerors Spanish
90%
Age of Kings Britons
87%
Age of Kings Franks
84%
The Conquerors Mayans
84%
Age of Kings Mongols
84%
Age of Kings Persians
84%
Age of Kings Vikings
84%
The Forgotten Italians
81%
African Kingdoms Portuguese
81%
Age of Kings Teutons
77%
Age of Kings Turks
77%
Age of Kings Byzantines
74%
Age of Kings Celts
74%
The Conquerors Huns
74%
African Kingdoms Ethiopians
71%
Age of Kings Goths
71%
The Forgotten Indians
71%
The Forgotten Incas
68%
Age of Kings Saracens
68%
The Forgotten Slavs
68%
Rise of the Rajas Malay
65%
African Kingdoms Berbers
61%
Rise of the Rajas Vietnamese
61%
Rise of the Rajas Burmese
58%
The Last Khans Lithuanians
58%
African Kingdoms Malians
58%
Lords of the West Burgundians
55%
Rise of the Rajas Khmer
55%
The Forgotten Magyars
55%
Lords of the West Sicilians
55%
The Last Khans Tatars
55%
The Last Khans Bulgarians
52%
The Last Khans Cumans
52%
No matching quizzes found
Score Distribution
Percent of People with Each Score
Percentile by Number Answered
Your Score History
You have not taken this quiz